Guess The Rolling Stones Lyrics #1 - Statistics

General Stats
  • This quiz has been taken 170 times
  • The average score is 154 of 293
Answer Stats
Answer % Correct
I
99%
a
96%
you
87%
You
87%
me
84%
to
80%
the
79%
love
78%
My
73%
my
73%
for
72%
your
72%
be
70%
is
70%
want
70%
can
69%
and
67%
it
67%
no
67%
on
65%
All
64%
all
64%
of
64%
go
59%
In
59%
So
59%
are
57%
make
57%
I'll
56%
I'm
54%
Am
52%
never
51%
Never
51%
see
51%
man
47%
not
47%
too
47%
baby
45%
beast
45%
burden
44%
girl
42%
don't
41%
it's
41%
but
39%
out
39%
Come
38%
need
38%
you're
38%
at
36%
with
36%
a-hurting
34%
feet
34%
hurting
34%
back
33%
enough?
33%
Oh,
33%
Oh
33%
please
33%
I've
32%
rich
31%
up
31%
one
30%
sweet
30%
blind
28%
off
28%
tell
28%
hard
27%
put
27%
Put
27%
rough
27%
shoes
27%
let's
24%
street
24%
tough
24%
pretty
23%
ain't
22%
Ain't
22%
kind
22%
home
21%
such
21%
miles
20%
misery
20%
radio
20%
keep
19%
Music
19%
There's
19%
walked
19%
thing
18%
curtains
16%
draw
16%
understand
16%
telling
13%
sister
11%
broad
10%
little
10%
Throw
9%
fussing
7%
nursing
7%
shrug
7%
suck
7%
sickness
5%
No matching quizzes found
Score Distribution
Percent of People with Each Score
Percentile by Number Answered
Your Score History
You have not taken this quiz